000
00224nam a2200097Ia 4500
008
190216s9999||||xx |||||||||||||| ||und||
100
_a
Wiliam Shekspier
245
0
_a
Malayalam-Macbath
260
_b
Current Books
942
_c
BK
999
_c
30285
_d
30285